[Event "Reykjavik Open 2025"]
[Site "Reykjavik"]
[Date "2025.04.15"]
[Round "9.83"]
[White "Birkisson, Bardur Orn"]
[Black "Schreidl, Michael"]
[Result "1/2-1/2"]
[WhiteElo "2342"]
[WhiteTitle "FM"]
[WhiteFideId "2310597"]
[BlackElo "1949"]
[BlackFideId "16265750"]
[Variant "Standard"]
[StudyName "ROpen 2025 - Rd9 - Boards 45-108"]
1. e4 c6 2. Nf3 d5 3. d3 dxe4 4. dxe4 Qxd1+ 5. Kxd1 Nd7 6. Ne1 Nc5 7. f3 g6 8. a4 Bg7 9. Be3 Ne6 10. Nd3 Nf6 11. Nd2 h5 12. h4 Bh6 13. Bxh6 Rxh6 14. Nc4 Nd7 15. a5 f6 16. Nb4 Nc7 17. Kd2 Nc5 18. Nd3 Nxd3 19. Bxd3 Be6 20. Ne3 O-O-O 21. Ke2 Bf7 22. c3 Ne6 23. g3 Nc5 24. Bc4 Bxc4+ 25. Nxc4 Rhh8 26. b4 Ne6 27. Ne3 Nc7 28. Rhd1 Nb5 29. Rxd8+ Rxd8 30. Rc1 e5 31. Nc4 Kc7 32. f4 Re8 33. fxe5 fxe5 34. Kd3 Nd6 35. Rf1 Rd8 36. Nxd6 Kxd6 37. Ke3 Ke6 38. Rg1 Kf6 39. Rf1+ Ke6 40. Ke2 Ke7 41. Rf3 Ke6 42. Rf1 Ke7 43. Rb1 Ke6 44. Ke3 Rd7 45. Rf1 Rd8 46. Rb1 Rd7 47. Rf1 1/2-1/2

[Event "Reykjavik Open 2025"]
[Site "Reykjavik"]
[Date "2025.04.15"]
[Round "9.84"]
[White "Unzicker, Ferdinand"]
[Black "Landmark, Gabriel"]
[Result "1-0"]
[WhiteElo "2241"]
[WhiteTitle "FM"]
[WhiteFideId "4619196"]
[BlackElo "1927"]
[BlackFideId "2524848"]
[Variant "Standard"]
[StudyName "ROpen 2025 - Rd9 - Boards 45-108"]
1. d4 Nf6 2. c4 e6 3. Nc3 Bb4 4. e3 b6 5. Ne2 Bb7 6. a3 Bxc3+ 7. Nxc3 O-O 8. Bd3 c5 9. O-O d5 10. cxd5 exd5 11. dxc5 bxc5 12. b4 d4 13. exd4 Qxd4 14. Bb2 Rd8 15. Be2 cxb4 16. Qxd4 Rxd4 17. Nb5 Rd2 18. Bxf6 Rxe2 19. Nc7 gxf6 20. Nxa8 Bxa8 21. axb4 a6 22. Rfc1 Kf8 23. b5 Bb7 24. Rc7 Bd5 25. Rc8+ Re8 26. Rxe8+ Kxe8 27. bxa6 Ba8 28. a7 Nd7 29. Rb1 Bd5 30. Rb8+ Ke7 31. f3 f5 32. a8=Q Bxa8 33. Rxa8 Nf6 34. Rh8 f4 35. Kf2 Ke6 36. Ke2 Kf5 37. Kd3 Kg6 38. Kd4 Nh5 39. Ke4 Kg5 40. Ke5 1-0

[Event "Reykjavik Open 2025"]
[Site "Reykjavik"]
[Date "2025.04.15"]
[Round "9.85"]
[White "Martin, Nils"]
[Black "Tirronen, Esa"]
[Result "1-0"]
[WhiteElo "2181"]
[WhiteFideId "45160473"]
[BlackElo "1923"]
[BlackFideId "1735810"]
[Variant "Standard"]
[StudyName "ROpen 2025 - Rd9 - Boards 45-108"]
1. e4 c5 2. Nf3 d6 3. d4 cxd4 4. Nxd4 Nf6 5. Nc3 g6 6. Be3 Nc6 7. f3 h5 8. Qd2 Nxd4 9. Bxd4 Bh6 10. Be3 Bxe3 11. Qxe3 Be6 12. Bb5+ Kf8 13. O-O Qa5 14. f4 Rc8 15. f5 Bc4 16. Bxc4 Rxc4 17. fxg6 fxg6 18. Qh3 Kf7 19. Nd5 Qc5+ 20. Kh1 Rxe4 21. Qb3 Kg7 22. Nxf6 Rb4 23. Nd7 Rxb3 24. Nxc5 Rxb2 25. Ne6+ Kh6 26. Rf7 Rxc2 27. h4 g5 28. hxg5+ Kg6 29. Raf1 h4 30. Rg7+ Kh5 31. g6 Rh6 32. Rf5+ 1-0

[Event "Reykjavik Open 2025"]
[Site "Reykjavik"]
[Date "2025.04.15"]
[Round "9.86"]
[White "Abramov, Artem"]
[Black "Tscheuschner, Georg"]
[Result "0-1"]
[WhiteElo "1948"]
[WhiteFideId "4192451"]
[BlackElo "2168"]
[BlackFideId "12935549"]
[Variant "Standard"]
[StudyName "ROpen 2025 - Rd9 - Boards 45-108"]
1. e4 c5 2. Nf3 d6 3. d4 cxd4 4. Nxd4 Nf6 5. Nc3 Nc6 6. Bg5 e6 7. Qd2 a6 8. O-O-O Be7 9. Bxf6 gxf6 10. Kb1 Bd7 11. f4 Nxd4 12. Qxd4 Qa5 13. Be2 Qc5 14. Qd3 O-O-O 15. Bf3 Kb8 16. g4 Rc8 17. f5 Rc7 18. Rd2 Rhc8 19. h4 Qa5 20. Qe2 Rxc3 21. bxc3 Bb5 22. Qh2 Bc4 23. Kc1 Qxc3 24. Rf2 e5 25. Kd1 d5 26. Be2 Qa1+ 27. Kd2 Bb4+ 28. Ke3 Qc3+ 29. Bd3 Bc5+ 30. Ke2 Qxc2+ 0-1

[Event "Reykjavik Open 2025"]
[Site "Reykjavik"]
[Date "2025.04.15"]
[Round "9.87"]
[White "Shepherd, Tom"]
[Black "Aeschbacher, Dimitri"]
[Result "1/2-1/2"]
[WhiteElo "1937"]
[WhiteFideId "447005"]
[BlackElo "2142"]
[BlackFideId "551032830"]
[Variant "Standard"]
[StudyName "ROpen 2025 - Rd9 - Boards 45-108"]
1. d4 Nf6 2. Nf3 e6 3. c4 Bb4+ 4. Nbd2 O-O 5. e3 b6 6. a3 Be7 7. Bd3 Bb7 8. O-O d6 9. b4 a5 10. Bb2 Nbd7 11. e4 e5 12. d5 Re8 13. Bc3 axb4 14. axb4 Rxa1 15. Qxa1 c5 16. dxc6 Bxc6 17. Qb1 Qc7 18. Qb2 Bf8 19. Ra1 Nh5 20. g3 g6 21. Nf1 f5 22. Qe2 fxe4 23. Bxe4 Bxe4 24. Qxe4 Nhf6 25. Qe2 d5 26. Rd1 d4 27. Be1 Rc8 28. Rc1 Bh6 29. Bd2 Bg7 30. c5 bxc5 31. bxc5 Qc6 32. Nxe5 Nxe5 33. Qxe5 Ne4 34. Qe7 Qd5 35. c6 Nc3 36. Bxc3 dxc3 37. Qd7 Qxc6 38. Qxc6 Rxc6 39. Rc2 Rb6 40. Ne3 Rb2 41. Rc1 Rd2 42. Kf1 Bd4 43. Ke1 Bxe3 44. fxe3 Rxh2 45. Rxc3 Kf7 46. Rc7+ Ke6 47. Kf1 h5 48. Rc5 Kf6 49. Rb5 Rc2 50. Ra5 Rd2 51. Rb5 Rc2 52. Ra5 g5 53. Rb5 Kg6 54. Ra5 h4 55. gxh4 gxh4 56. Kg1 Re2 57. Kh1 Kf6 58. Rb5 Rxe3 59. Kh2 Rg3 60. Ra5 Rg5 61. Rxg5 Kxg5 62. Kh3 Kh5 63. Kh2 Kg4 64. Kg2 h3+ 65. Kh2 Kh4 66. Kh1 Kg3 67. Kg1 h2+ 68. Kh1 Kh3 1/2-1/2

[Event "Reykjavik Open 2025"]
[Site "Reykjavik"]
[Date "2025.04.15"]
[Round "9.88"]
[White "Teichmann, Alexander"]
[Black "Agbabishvili, Lali"]
[Result "1/2-1/2"]
[WhiteElo "1934"]
[WhiteFideId "24657735"]
[BlackElo "2119"]
[BlackFideId "2613433"]
[Variant "Standard"]
[StudyName "ROpen 2025 - Rd9 - Boards 45-108"]
1. e4 c5 2. c3 Nf6 3. e5 Nd5 4. d4 cxd4 5. cxd4 d6 6. Nf3 Nc6 7. Bc4 e6 8. O-O Be7 9. Re1 dxe5 10. Nxe5 Nb6 11. Bb5 Bd7 12. Nf3 Nb4 13. Bxd7+ Nxd7 14. Nc3 Nb6 15. a3 N4d5 16. Ne4 O-O 17. Ne5 Nf6 18. Ng5 Bd6 19. Qb3 h6 20. Nh3 Bxe5 21. dxe5 Nh7 22. Qg3 Kh8 23. Be3 Nd5 24. Bc5 Re8 25. Re4 Rc8 26. Bd4 b6 27. Rg4 Ne7 28. Bc3 Nf5 29. Qf3 Qc7 30. Qe2 Red8 31. Nf4 Qd7 32. Nh5 Qd3 33. Nf4 Qxe2 34. Nxe2 Nf8 35. Kf1 1/2-1/2

[Event "Reykjavik Open 2025"]
[Site "Reykjavik"]
[Date "2025.04.15"]
[Round "9.89"]
[White "Kunz, Andre"]
[Black "Maton, Emily"]
[Result "1-0"]
[WhiteElo "2115"]
[WhiteTitle "CM"]
[WhiteFideId "24623652"]
[BlackElo "1912"]
[BlackFideId "343120293"]
[Variant "Standard"]
[StudyName "ROpen 2025 - Rd9 - Boards 45-108"]
1. e4 c5 2. c3 d5 3. exd5 Qxd5 4. d4 cxd4 5. cxd4 Nc6 6. Nf3 Bg4 7. Be2 e6 8. O-O Nf6 9. Nc3 Qd7 10. Be3 Bd6 11. h3 Bh5 12. Qd2 O-O 13. Rfd1 Rfd8 14. Bg5 Be7 15. g4 Bg6 16. Bb5 Be4 17. Ne5 Nxe5 18. dxe5 Qc7 19. Qe2 Qxe5 20. Bxf6 Bxf6 21. Qxe4 Qxe4 22. Nxe4 Bxb2 23. Rab1 Bd4 24. Be2 b6 25. Ba6 Rd7 26. Rd3 Rad8 27. Rbd1 e5 28. Kf1 Kf8 29. Nc3 Ke7 30. Nb5 f6 31. Ke2 g6 32. Nxd4 exd4 33. Rc1 f5 34. gxf5 gxf5 35. Rf3 Kf6 36. Kd3 Rd5 37. Rc7 b5 38. Rxh7 Rc5 39. Kd2 b4 40. Bd3 a5 41. Rh5 Rdd5 42. Rh6+ Kg5 43. Ra6 Rc3 44. Ra8 Rcc5 45. Rf8 Re5 46. Rg3+ Kf4 47. Rg4+ Kf3 48. Rxd4 Kxf2 49. h4 Kg3 50. h5 f4 51. h6 Rh5 52. Rg8+ Rcg5 53. Rxg5+ Rxg5 54. h7 Rh5 55. Rd8 Rh2+ 56. Kc1 Rh1+ 57. Kb2 Rh2+ 58. Kb3 a4+ 59. Kxb4 1-0

[Event "Reykjavik Open 2025"]
[Site "Reykjavik"]
[Date "2025.04.15"]
[Round "9.90"]
[White "Ravi, Krishna"]
[Black "Stolyarov, Alan"]
[Result "1-0"]
[WhiteElo "2100"]
[WhiteFideId "25707817"]
[BlackElo "1889"]
[BlackFideId "30906008"]
[Variant "Standard"]
[StudyName "ROpen 2025 - Rd9 - Boards 45-108"]
1. d4 e6 2. c4 f5 3. a3 Nf6 4. Nc3 Be7 5. Bf4 O-O 6. e3 d6 7. Be2 Nc6 8. Bg3 e5 9. Nf3 exd4 10. Nxd4 Ne4 11. Nd5 Nxd4 12. Nxe7+ Qxe7 13. Qxd4 Nxg3 14. hxg3 Qe5 15. O-O-O Qxd4 16. Rxd4 Be6 17. Bf3 Rab8 18. Bd5 Rf6 19. Kd2 h6 20. b4 Kf7 21. Rc1 c6 22. Bf3 Ke7 23. c5 d5 24. Rb1 Rff8 25. Rd3 Kf6 26. Rd4 g5 27. a4 Ke5 28. b5 Bd7 29. Kc3 Rbe8 30. Rbd1 Be6 31. bxc6 bxc6 32. Rb4 Rb8 33. Rdb1 Rxb4 34. Rxb4 f4 35. gxf4+ gxf4 36. Rb7 fxe3 37. fxe3 a5 38. Rb6 Bd7 39. Ra6 Rg8 40. Rxa5 Bg4 41. Ra7 Bxf3 42. gxf3 Rh8 43. Rc7 h5 44. Rxc6 h4 45. Rg6 h3 46. Rg1 Rh4 47. Rh1 Rxa4 48. Rxh3 Rc4+ 49. Kd3 Rxc5 50. Rh5+ Ke6 51. Rh6+ Ke7 52. Kd4 Ra5 53. Ke5 Rb5 54. Rh7+ Ke8 55. Kd4 Kd8 56. Rh5 Rb4+ 57. Kc5 1-0

[Event "Reykjavik Open 2025"]
[Site "Reykjavik"]
[Date "2025.04.15"]
[Round "9.91"]
[White "Solano, Juan Pablo"]
[Black "Thorisson, Benedikt"]
[Result "1/2-1/2"]
[WhiteElo "1929"]
[WhiteFideId "3306003"]
[BlackElo "2065"]
[BlackFideId "2314576"]
[Variant "Standard"]
[StudyName "ROpen 2025 - Rd9 - Boards 45-108"]
1. d4 Nf6 2. c4 g6 3. Nc3 d5 4. Nf3 Bg7 5. h4 c6 6. cxd5 cxd5 7. Bf4 O-O 8. e3 Nc6 9. Ne5 h5 10. Qb3 Nd7 11. Nxd7 Bxd7 12. Qxd5 Qb6 13. Qb5 Nb4 14. Qxb6 axb6 15. Kd2 e5 16. dxe5 Be6 17. Bb5 Nxa2 18. Nxa2 Bxa2 19. Rhc1 Rfd8+ 20. Ke2 Ra5 21. Bd3 Rd7 22. Rc3 Bf8 23. Rc8 Kg7 24. Bg5 Be7 25. Bxe7 Rxe7 26. b4 Be6 27. bxa5 Bxc8 28. axb6 Rxe5 29. Rc1 Be6 30. Rc7 Bd5 31. f3 Kf6 32. e4 Bc6 33. Bc4 Re7 34. Rc8 Ke5 35. Rd8 f5 36. exf5 Kxf5+ 37. Kf2 Ke5 38. Rg8 Kf6 39. Rd8 Ke5 40. Rg8 Kf6 41. Rd8 Ke5 42. Rg8 Kf6 1/2-1/2

[Event "Reykjavik Open 2025"]
[Site "Reykjavik"]
[Date "2025.04.15"]
[Round "9.92"]
[White "Sonne, Lasse"]
[Black "Verbitsky, Jaroslaw"]
[Result "0-1"]
[WhiteElo "1929"]
[WhiteFideId "1477161"]
[BlackElo "2065"]
[BlackFideId "16214170"]
[Variant "Standard"]
[StudyName "ROpen 2025 - Rd9 - Boards 45-108"]
1. e4 c6 2. d4 d5 3. exd5 cxd5 4. c4 Nf6 5. Nc3 Nc6 6. Nf3 Bg4 7. cxd5 Nxd5 8. Qb3 Bxf3 9. gxf3 e6 10. Qxb7 Nxd4 11. Bb5+ Nxb5 12. Qc6+ Ke7 13. Qc5+ Nd6 14. Nxd5+ exd5 15. Qxd5 Qb8 16. O-O Qb7 17. Qe5+ Kd7 18. Rd1 Re8 19. Qf5+ Re6 20. Qxf7+ Be7 21. Bg5 Re8 22. Rac1 h6 23. Rxd6+ Rxd6 24. Bxe7 Rxe7 25. Qf5+ Rde6 26. Rd1+ Ke8 27. Qh7 Rf6 28. Rd3 Qc7 29. Qg8+ Rf8 30. Qd5 Qc1+ 31. Kg2 Qg5+ 0-1

[Event "Reykjavik Open 2025"]
[Site "Reykjavik"]
[Date "2025.04.15"]
[Round "9.93"]
[White "Bougain, Victor"]
[Black "Rosario Almanzar, Raydily"]
[Result "1/2-1/2"]
[WhiteElo "2061"]
[WhiteFideId "45197784"]
[BlackElo "1888"]
[BlackFideId "6403573"]
[Variant "Standard"]
[StudyName "ROpen 2025 - Rd9 - Boards 45-108"]
1. c4 c5 2. Nf3 Nc6 3. Nc3 g6 4. e3 Bg7 5. d4 cxd4 6. exd4 d6 7. Be2 Nh6 8. d5 Ne5 9. O-O O-O 10. Re1 Nhg4 11. Nd4 Qb6 12. Na4 Qa5 13. b4 Qc7 14. Bf4 Bd7 15. Rc1 Bxa4 16. Qxa4 Nd3 17. Nb5 Qb6 18. c5 dxc5 19. Bxd3 c4 20. Bg3 cxd3 21. Rcd1 e6 22. Nc7 Bd4 23. Nxa8 Bxf2+ 24. Kh1 Rxa8 25. Re4 h5 26. h3 Bxg3 27. hxg4 hxg4 28. Rxg4 Qf2 29. Qb3 Be5 30. Qc4 Kg7 31. Rh4 d2 32. Qe4 Bc3 33. Kh2 Qe1 34. Qg4 f5 35. Qg5 Bf6 36. Qh6+ Kf7 37. Qh7+ Bg7 38. Rh6 Qe5+ 39. Kh1 Qf6 40. Rh3 Rh8 41. Qxh8 Bxh8 42. Rxd2 Qa1+ 43. Kh2 Be5+ 44. g3 g5 45. Rh7+ Kf6 46. Rh6+ Kf7 47. Rxe6 Bc7 48. Rf2 f4 49. gxf4 Bxf4+ 50. Kg2 Qd4 1/2-1/2

[Event "Reykjavik Open 2025"]
[Site "Reykjavik"]
[Date "2025.04.15"]
[Round "9.94"]
[White "Sleczka, Bartosz"]
[Black "Oskarsson, Markus Orri"]
[Result "0-1"]
[WhiteElo "1920"]
[WhiteFideId "1180428"]
[BlackElo "2051"]
[BlackFideId "2320118"]
[Variant "Standard"]
[StudyName "ROpen 2025 - Rd9 - Boards 45-108"]
1. e4 e6 2. d4 d5 3. e5 c5 4. Nf3 cxd4 5. Bd3 Nc6 6. O-O Bc5 7. a3 a6 8. Re1 f5 9. exf6 Nxf6 10. Nbd2 O-O 11. Nb3 Ba7 12. Bf4 Ne4 13. Qc1 Qf6 14. g3 e5 15. Bg5 Qxf3 0-1

[Event "Reykjavik Open 2025"]
[Site "Reykjavik"]
[Date "2025.04.15"]
[Round "9.95"]
[White "Roubert, Emile"]
[Black "Grose, Kameron"]
[Result "1-0"]
[WhiteElo "2050"]
[WhiteFideId "680311"]
[BlackElo "1882"]
[BlackFideId "474010"]
[Variant "Standard"]
[StudyName "ROpen 2025 - Rd9 - Boards 45-108"]
1. e4 c5 2. Nf3 d6 3. d4 cxd4 4. Nxd4 Nf6 5. Nc3 a6 6. a4 e5 7. Nf3 Be7 8. Bg5 Be6 9. Bxf6 Bxf6 10. Nd5 Nd7 11. Bc4 Nb6 12. Nxb6 Qxb6 13. Bxe6 fxe6 14. O-O O-O 15. a5 Qc6 16. Re1 Rfe8 17. Ra3 d5 18. Rc3 Qb5 19. Rb3 Qxa5 20. Rxb7 Rab8 21. Rxb8 Rxb8 22. b3 Re8 23. Qd3 d4 24. Qd2 Qc5 25. Ra1 Rc8 26. Ra2 Qb6 27. Qe2 Qb5 28. Kf1 Kf7 29. Nd2 Rc3 30. Qxb5 axb5 31. Nb1 Rc7 32. Ke2 Bg5 33. Kd3 b4 34. Ra5 Be7 35. Rxe5 Bd6 36. Rb5 e5 37. Ra5 Ke6 38. Ra2 g5 39. Nd2 Rc3+ 40. Ke2 Bc7 41. Kd1 h5 42. Ra6+ Kd7 43. Rg6 d3 44. cxd3 Rxd3 45. Ke2 Rc3 46. Rxg5 Rc2 47. Rxh5 Ke6 48. Rh6+ Ke7 49. h4 Bd6 50. Kd1 Ra2 51. g4 Bc5 52. f3 Kf7 53. Ke2 Bd4 54. g5 Bc3 55. Rd6 Kg7 56. h5 Kh7 57. Rd7+ Kg8 58. g6 Ra8 59. h6 Kh8 60. Nc4 Bd4 61. Nd6 Rb8 62. Rh7+ Kg8 63. Nf7 1-0

[Event "Reykjavik Open 2025"]
[Site "Reykjavik"]
[Date "2025.04.15"]
[Round "9.96"]
[White "Coutinho, Joao Manuel Sousa"]
[Black "Kingsley, Elias"]
[Result "0-1"]
[WhiteElo "1903"]
[WhiteFideId "1933418"]
[BlackElo "2033"]
[BlackFideId "1775006"]
[Variant "Standard"]
[StudyName "ROpen 2025 - Rd9 - Boards 45-108"]
1. e4 e5 2. Nc3 Nf6 3. g3 Bc5 4. Bg2 O-O 5. Nge2 Re8 6. O-O Nc6 7. d3 h6 8. Be3 Bxe3 9. fxe3 d6 10. Nd5 Nh7 11. h3 Be6 12. g4 g6 13. Nec3 Kg7 14. Qf3 Nb8 15. Ne2 Nd7 16. Ng3 c6 17. Nc3 Ndf6 18. d4 Qb6 19. dxe5 dxe5 20. Na4 Qb4 21. b3 Rad8 22. Rf2 Rd6 23. Raf1 Red8 24. Nb2 Qa5 25. Nd3 Re8 26. Nc1 c5 27. Rd1 Red8 28. Rxd6 Rxd6 29. Qe2 Qc3 30. Kf1 c4 31. Qe1 Qa1 32. Rd2 Rc6 33. Rd1 Qb2 34. Qd2 Nf8 35. Nge2 cxb3 36. cxb3 Rc7 37. Qa5 a6 38. Qb6 Bc4 0-1

[Event "Reykjavik Open 2025"]
[Site "Reykjavik"]
[Date "2025.04.15"]
[Round "9.97"]
[White "De Mey, Juan Pablo"]
[Black "Roth, Jonas"]
[Result "1-0"]
[WhiteElo "2030"]
[WhiteTitle "FM"]
[WhiteFideId "15900312"]
[BlackElo "1881"]
[BlackFideId "34623515"]
[Variant "Standard"]
[StudyName "ROpen 2025 - Rd9 - Boards 45-108"]
1. e4 d6 2. d4 g6 3. Bc4 Bg7 4. Nf3 Nf6 5. Qe2 O-O 6. e5 Nfd7 7. O-O e6 8. Bg5 Qe8 9. Nc3 a6 10. exd6 cxd6 11. Ne4 Nb6 12. Bd3 d5 13. Nd6 Qd7 14. Nxc8 Qxc8 15. Rae1 Nc6 16. c3 Re8 17. Bf4 f6 18. Bc2 Qd7 19. Qd2 Qf7 20. h4 Rad8 21. Re2 Nc4 22. Qc1 e5 23. dxe5 N6xe5 24. Nd4 Nc6 25. Rxe8+ Rxe8 26. Nxc6 bxc6 27. b3 Ne5 28. Qd2 Qe6 29. Qe2 a5 30. Qa6 Qg4 31. Bg3 f5 32. Bd1 Qe4 33. Bxe5 Bxe5 34. Qxc6 Re7 35. Bf3 Qxh4 36. Qxd5+ Kg7 37. g3 Qg5 38. Qd3 h5 39. Bg2 f4 40. gxf4 Qxf4 41. Re1 Rf7 42. Qe3 Qh2+ 43. Kf1 Bf6 44. b4 axb4 45. cxb4 Qd6 46. Qb3 Bd4 47. Re2 g5 48. b5 Qc5 49. Bd5 Rf4 50. Rc2 Qf8 51. Rc7+ Kh8 52. f3 Qf5 53. Qc4 Qb1+ 54. Ke2 Qb2+ 55. Ke1 Bg7 56. Rc8+ Bf8 57. Be4 Qa1+ 58. Ke2 g4 59. Qd5 Rxe4+ 60. fxe4 Kg7 61. Qg5+ Kf7 62. Qf5+ Ke7 63. Rc7+ 1-0

[Event "Reykjavik Open 2025"]
[Site "Reykjavik"]
[Date "2025.04.15"]
[Round "9.98"]
[White "James, Chris"]
[Black "Kukushkin, Ivan"]
[Result "0-1"]
[WhiteElo "1895"]
[WhiteFideId "2404249"]
[BlackElo "2030"]
[BlackFideId "11634103"]
[Variant "Standard"]
[StudyName "ROpen 2025 - Rd9 - Boards 45-108"]
1. e4 c5 2. c4 e5 3. Nc3 d6 4. g3 g6 5. Bg2 Bg7 6. Nge2 Ne7 7. O-O O-O 8. d3 Nbc6 9. a3 f5 10. f4 fxe4 11. dxe4 Nd4 12. Nxd4 cxd4 13. Nd5 Nxd5 14. cxd5 Bd7 15. a4 Rc8 16. Bd2 Qb6 17. a5 Qb5 18. Rf3 Qxb2 19. Rb3 Qc2 20. Rxb7 Qxd1+ 21. Rxd1 Bg4 22. Rdb1 Rc2 23. R1b2 Rxb2 24. Rxb2 exf4 25. Bxf4 d3 26. Rd2 Be2 27. e5 g5 28. Be3 Bxe5 29. Be4 Bc3 30. Ra2 Re8 31. Bxh7+ Kxh7 32. Bxg5 Re5 33. h4 Rxd5 34. Kf2 Bxa5 35. Bd2 Bb6+ 36. Ke1 Rb5 37. Ra1 Bg4 0-1

[Event "Reykjavik Open 2025"]
[Site "Reykjavik"]
[Date "2025.04.15"]
[Round "9.99"]
[White "Kleinert, Juergen"]
[Black "Darvekar, Yash"]
[Result "0-1"]
[WhiteElo "1885"]
[WhiteFideId "4659180"]
[BlackElo "2024"]
[BlackFideId "2624150"]
[Variant "Standard"]
[StudyName "ROpen 2025 - Rd9 - Boards 45-108"]
1. e4 c5 2. c3 Nf6 3. e5 Nd5 4. d4 cxd4 5. Nf3 d6 6. cxd4 Nc6 7. Bc4 Nb6 8. Bb5 dxe5 9. Nxe5 Bd7 10. Bxc6 Bxc6 11. Nxc6 bxc6 12. Nc3 Qd7 13. O-O Rd8 14. Qf3 e6 15. Bg5 f6 16. Be3 Be7 17. Qh5+ g6 18. Qe2 Nd5 19. Bh6 Kf7 20. Rfe1 Rhe8 21. Bd2 f5 22. Na4 Nb6 23. Nxb6 axb6 24. Bf4 Bf6 25. Be5 Bxe5 26. dxe5 Qd2 27. Rac1 Qxe2 28. Rxe2 Rd4 29. g3 c5 30. f4 h6 31. Rcc2 Red8 32. Kf2 g5 33. Kf3 R8d5 34. b3 b5 35. Re3 b4 36. Re1 Rd3+ 37. Re3 Rd1 38. Ree2 g4+ 39. Kg2 Ke7 40. Rc4 Kd7 41. Kf2 Kc6 42. Rec2 R1d2+ 43. Ke1 Rxc2 44. Rxc2 Rd4 45. Ke2 Kd5 46. Ke3 h5 47. Ke2 h4 48. Ke3 h3 49. Rc1 Re4+ 50. Kd3 c4+ 51. bxc4+ Kc5 52. Rc2 Rd4+ 53. Ke2 Rxc4 54. Rxc4+ Kxc4 55. Kd2 Kd4 56. Kc2 Ke3 57. Kb3 Kf2 58. Kxb4 Kg2 59. a4 Kxh2 60. a5 Kg1 0-1

[Event "Reykjavik Open 2025"]
[Site "Reykjavik"]
[Date "2025.04.15"]
[Round "9.100"]
[White "Isleifsson, Runar"]
[Black "Bech, Havard Eriksen"]
[Result "0-1"]
[WhiteElo "1879"]
[WhiteFideId "2305917"]
[BlackElo "2024"]
[BlackFideId "1564684"]
[Variant "Standard"]
[StudyName "ROpen 2025 - Rd9 - Boards 45-108"]
1. e4 e5 2. Nf3 Nc6 3. d4 exd4 4. Nxd4 Bc5 5. Be3 Qf6 6. c3 Nge7 7. Bc4 b6 8. O-O Bb7 9. Bb3 O-O-O 10. Nxc6 Qxc6 11. Bxc5 Qxc5 12. Qc2 f5 13. Nd2 fxe4 14. Nxe4 Qc6 15. f3 Nf5 16. Qf2 Rhf8 17. Rad1 Qh6 18. Rfe1 Nh4 19. Bd5 c6 20. Bb3 d5 21. Ng3 Qf6 22. Qe3 Kb8 23. Qe5+ Qxe5 24. Rxe5 Ng6 25. Re3 Rd7 26. Bc2 Nf4 27. Ne2 Nxe2+ 28. Rxe2 h6 29. Rde1 c5 30. Re8+ Rxe8 31. Rxe8+ Kc7 32. Ba4 Rf7 33. Re1 Kd6 34. Kf2 Rf4 35. Bc2 d4 36. cxd4 Rxd4 37. Rd1 Rxd1 38. Bxd1 Bd5 39. a3 b5 40. Ke3 a5 41. Kd3 Bf7 42. Kc3 Kd5 43. Bc2 b4+ 44. Kd2 bxa3 45. bxa3 Kd4 46. h4 c4 47. g4 c3+ 48. Ke2 Bc4+ 49. Kd1 Ke3 50. Be4 Be2+ 51. Kc2 Bxf3 52. Bf5 Be4+ 53. Bxe4 Kxe4 54. Kxc3 Kf4 55. Kc4 Kxg4 56. Kb5 Kxh4 57. Kxa5 g5 0-1

[Event "Reykjavik Open 2025"]
[Site "Reykjavik"]
[Date "2025.04.15"]
[Round "9.101"]
[White "Vihaan, Karthikeya N"]
[Black "Hauksdottir, Hrund"]
[Result "1-0"]
[WhiteElo "2024"]
[WhiteFideId "25950673"]
[BlackElo "1875"]
[BlackFideId "2302608"]
[Variant "Standard"]
[StudyName "ROpen 2025 - Rd9 - Boards 45-108"]
1. d4 d5 2. c4 e6 3. Nc3 Nf6 4. cxd5 exd5 5. Bg5 c6 6. e3 Bd6 7. Bd3 O-O 8. Nge2 h6 9. Bh4 Re8 10. Qc2 a5 11. a3 Na6 12. h3 Nc7 13. g4 Ne6 14. Rg1 Ng5 15. Bxg5 hxg5 16. a4 Qe7 17. Rh1 Bb4 18. Ng3 g6 19. Kf1 Kg7 20. Kg2 Be6 21. Nce2 Bd7 22. Nc3 Rac8 23. Qd1 c5 24. Nce2 Bc6 25. Rc1 b6 26. Bf5 Rc7 27. h4 Bd7 28. hxg5 Nxg4 29. Bxd7 Rxd7 30. Nf4 Qxg5 31. Qf3 Bd2 32. Nh3 Qh4 33. Ra1 Rde7 34. Nf4 Qg5 35. Nxd5 Bxe3 36. Nxe7 Rxe7 37. d5 Nxf2 38. d6 Rd7 39. Rhe1 Bd4 40. Re8 Qh4 41. Ne2 Rxd6 42. Qg3 Qxg3+ 43. Nxg3 Bxb2 44. Rf1 Ng4 45. Rh1 Nf6 46. Re2 Bd4 47. Rc1 Nd5 48. Re4 Rf6 49. Ne2 Re6 50. Kf3 Rxe4 51. Kxe4 Nf6+ 52. Kd3 Be5 53. Rb1 Nd7 54. Kc4 f5 55. Rd1 Nf8 56. Kb5 Kf6 57. Kxb6 c4 58. Kxa5 Ne6 59. Kb4 f4 60. Kxc4 Kf5 61. a5 Nc7 62. Nd4+ Bxd4 63. Kxd4 g5 64. Rc1 Na6 65. Rc6 Nb4 66. Rb6 Nc2+ 67. Kd3 Ne3 68. a6 Nd5 69. Rb5 1-0

[Event "Reykjavik Open 2025"]
[Site "Reykjavik"]
[Date "2025.04.15"]
[Round "9.102"]
[White "Nergard, Ole-Kristian"]
[Black "Subervi, Jonathan Sigfredo"]
[Result "0-1"]
[WhiteElo "1863"]
[WhiteFideId "1543156"]
[BlackElo "2020"]
[BlackFideId "6400345"]
[Variant "Standard"]
[StudyName "ROpen 2025 - Rd9 - Boards 45-108"]
1. c4 e6 2. g3 Nf6 3. Bg2 d5 4. Nf3 Be7 5. O-O O-O 6. b3 a5 7. Bb2 a4 8. bxa4 Bd7 9. Nc3 Ne4 10. Nb5 Nc5 11. Be5 c6 12. Nc3 dxc4 13. Qc2 f6 14. Bd4 Nba6 15. Rab1 e5 16. Bxc5 Nxc5 17. Ne4 b5 18. Nxc5 Bxc5 19. axb5 cxb5 20. d3 Ra4 21. Nd2 Qa5 22. dxc4 Rxa2 23. Rb2 Rxb2 24. Qxb2 b4 25. Nb3 Qb6 26. Bd5+ Kh8 27. e3 Bh3 28. Ra1 Bd6 29. Ra5 Qd8 30. e4 f5 31. c5 Bc7 32. Ra8 Bb8 33. Qe2 Bg4 34. f3 fxe4 35. Bxe4 Be6 36. Qa2 Qd1+ 37. Kg2 Qxb3 38. Qa7 Qb2+ 39. Kg1 Qc1+ 40. Kg2 Qd2+ 41. Kg1 Qe1+ 42. Kg2 Qe2+ 43. Kg1 Bh3 0-1

[Event "Reykjavik Open 2025"]
[Site "Reykjavik"]
[Date "2025.04.15"]
[Round "9.103"]
[White "Pisan, Kai"]
[Black "Hermannsson, Sigurbjorn"]
[Result "1-0"]
[WhiteElo "2020"]
[WhiteFideId "39904881"]
[BlackElo "1870"]
[BlackFideId "2325128"]
[Variant "Standard"]
[StudyName "ROpen 2025 - Rd9 - Boards 45-108"]
1. e4 c5 2. Nf3 Nc6 3. d4 cxd4 4. Nxd4 e5 5. Nb5 d6 6. N1c3 a6 7. Na3 Be7 8. Nc4 b5 9. Ne3 Nf6 10. Bd3 O-O 11. O-O b4 12. Ncd5 Nxd5 13. Nxd5 Be6 14. Bc4 Bg5 15. Qd3 Bxc1 16. Raxc1 a5 17. Rfd1 Rb8 18. Ne3 Nd4 19. c3 bxc3 20. bxc3 Bxc4 21. Nxc4 Ne6 22. Qxd6 Qh4 23. Qxe5 Rbc8 24. Ne3 Rc5 25. Rd5 Rc6 26. g3 Qh3 27. Qh5 Qxh5 28. Rxh5 Nc5 29. f3 Nd3 30. Rc2 f6 31. Kf1 Rb8 32. Ke2 Ne5 33. f4 g6 34. fxe5 gxh5 35. Nd5 Kf7 36. exf6 Re8 37. Kd3 a4 38. Kd4 Rec8 39. c4 Rb8 40. e5 a3 41. Rc3 Ra6 42. e6+ Rxe6 43. Rxa3 Re2 44. Ra7+ Kf8 45. Rxh7 Kg8 46. Rg7+ Kf8 47. Nf4 Rd8+ 48. Kc3 Re3+ 49. Kc2 1-0